Optimal Waveform-based Detection Framework & Convexity Range Estimation in Cognitive Radios (Record no. 540766)
[ view plain ]
| 000 -LEADER | |
|---|---|
| fixed length control field | 00472nam a22001457a 4500 |
| 003 - CONTROL NUMBER IDENTIFIER | |
| control field | NUST |
| 038 ## - RECORD CONTENT LICENSOR | |
| Staff Name | saba |
| 082 ## - DEWEY DECIMAL CLASSIFICATION NUMBER | |
| Classification number | 621.3 |
| Author Mark | MCS |
| 100 ## - MAIN ENTRY--PERSONAL NAME | |
| Personal name | Iqbal, Maria |
| 9 (RLIN) | 34930 |
| 245 ## - TITLE STATEMENT | |
| Title | Optimal Waveform-based Detection Framework & Convexity Range Estimation in Cognitive Radios |
| 260 ## - PUBLICATION, DISTRIBUTION, ETC. | |
| Place of publication, distribution, etc. | Islamabad: |
| Name of publisher, distributor, etc. | MCS, National University of Sciences and Technology, |
| Date of publication, distribution, etc. | 2012 |
| 300 ## - PHYSICAL DESCRIPTION | |
| Extent | 58p. |
| 650 ## - SUBJECT ADDED ENTRY--TOPICAL TERM | |
| Topical term or geographic name entry element | Electrical Engineering - Optimal Waveform-based |
| 9 (RLIN) | 34931 |
| 942 ## - ADDED ENTRY ELEMENTS (KOHA) | |
| Source of classification or shelving scheme | |
| Koha item type | Thesis |
| Withdrawn status | Lost status | Source of classification or shelving scheme | Damaged status | Not for loan | Permanent Location | Current Location | Date acquired | Total Checkouts | Full call number | Barcode | Date last seen | Price effective from | Koha item type |
|---|---|---|---|---|---|---|---|---|---|---|---|---|---|
| Central Library (CL) | Central Library (CL) | 11/09/2020 | 621.3 MCS | CL-T-954 | 11/09/2020 | 11/09/2020 | Thesis |
